KOHA-Header-6

Environmental Biotechnology: Theory and Application (Record no. 13854)

000 -LEADER
fixed length control field 00328nam a22001337a 4500
020 ## - INTERNATIONAL STANDARD BOOK NUMBER
ISBN 978-0470684177
082 ## - DEWEY DECIMAL CLASSIFICATION NUMBER
Classification number 628.5
100 ## - MAIN ENTRY--AUTHOR NAME
Personal name Gareth G. Evans & Judy Furlong
245 ## - TITLE STATEMENT
Title Environmental Biotechnology: Theory and Application
250 ## - EDITION STATEMENT
Edition statement 2nd Edition
260 ## - PUBLICATION, DISTRIBUTION, ETC. (IMPRINT)
Place of publication UK
Name of publisher Wiley
Year of publication 2011
300 ## - PHYSICAL DESCRIPTION
Number of Pages 290 pages
942 ## - ADDED ENTRY ELEMENTS (KOHA)
Koha item type Books
Holdings
Withdrawn status Lost status Collection code Permanent Location Current Location Shelving location Date acquired Full call number Accession Number Koha item type
    Bio Sciences MAJU MAJU Shelf No.A37 2024-01-01 628.5 10946 Books

Powered by Koha